000
00281nam a2200109Ia 4500
005
20251222114408.0
008
251222s1900||||xx |||||||||||||| ||spa||
082
_a
DVD0120/S98/1992
245
0
_a
Pavarotti: 30 Anniversary gala concert
264
_b
Corato, Ricardo Mario
942
_c
DVD
999
_c
1911
_d
1911